Представление документа в формате RUSMARC

ПолеНазваниеЗначение
  Тип записи a
  Библиографический уровень m
001 Контрольный номер RU/CBS_UL/BASE/713870750
005 Дата корректировки 20240209175053.5
010 Индекс ISBN __
a ISBN 978-5-389-19438-0
b Уточнения в пер.
d Цена 949 р. 61 к.
9 Тираж 3 000 экз.
100 Данные общей обработки __
a Данные общей обработки 20220815d2022 ||| 0rusy0189 ca
101 Язык документа 0_
a Язык текста rus
102 Страна публикации __
a Страна публикации RU
105 Кодированные данные (монография) __
a Кодированные данные (монография) y###||||000|y
181 Поле кодированных данных: вид содержания _1
a Код вида содержания (ISBD) i#
b Код характеристики содержания (ISBD) #xxe##
d i
g x
h x
i e
182 Поле кодированных данных: тип средства _1
a Код типа средства (ISBD) n
2 Код системы (источник кода, отличный от ISBD) isbdmedia
200 Заглавие и сведения об ответственности 1_
a Заглавие Искусство войны в бизнесе
b Общее обозначение материала Текст
e Сведения, относящиеся к заглавию секреты побед и причины поражений величайших компаний в свете стратегий гения военной мысли Сунь-цзы
f Первые сведения об ответственности Д. Браун
g Последующие сведения об ответственности пер. с англ. Д. А. Прокофьева
w Текст (визуальный) : непосредственный
203 Вид содержания и тип средства __
a Вид содержания Текст
b Характеристика содержания визуальный
c Тип средства непосредственный
210 Выходные данные 1_
a Место издания Москва
c Издательство Азбука-Бизнес
c Издательство Азбука-Аттикус
d Дата издания 2022
215 Физическое описание __
a Объем 446, [1] с.
d Формат 22 см.
300 Общие примечания __
a Общие примечания От автора подкаста Business Wars
333 Примечание о целевом назначении __
a Примечание о целевом назначении 16+
606 Тематические рубрики 0_
a Основная рубрика Предпринимательство - Стратегия управления
610 Ключевые слова 0_
a Ключевые слова бизнес-стратегии
a Ключевые слова соперничество в бизнесе
a Ключевые слова предпринимательство
a Ключевые слова бренды мировые
a Ключевые слова история бизнеса
a Ключевые слова конкуренция
a Ключевые слова философия китайская
a Ключевые слова тактики конкурентные
686 Индексы других классификаций __
a Классификационный индекс 65.290-2
2 Код системы rubbk
700 Автор _1
a Фамилия Браун
b Имя (инициалы) Дэвид
g Полное личное имя Д.
801 Источник записи _0
a Страна RU
b Организация МБУК ЦБС
c Дата составления 20220815
g Правила каталогизации RCR
801 Источник записи _1
a Страна RU
b Организация МБУК ЦБС г. Ульяновска
c Дата составления 20220815
g Правила каталогизации RCR
899 Данные о местонахождении __
i Авторский знак Б 87
j Расстановочный фильтр 65.290-2
900 Электронные ресурсы __
a Имя электронного ресурса д. браун искусство
901 Тип документа __
t Тип документа m
910 Корректоры записи __
a Корректор записи Хисамова